Elliptic partial differential equations of second order /
Guardado en:
| Autor Principal: | |
|---|---|
| Otros Autores: | |
| Formato: | Libro |
| Idioma: | English |
| Publicado: |
Berlin :
Springer-Verlag,
1977.
|
| Series: | Grundlehren der mathematischen Wissenschaften ;
224 |
| Materias: | |
| Etiquetas: |
Agregar Etiqueta
Sin Etiquetas, Sea el primero en etiquetar este registro!
|
| LEADER | 00814cam a2200241 a 4500 | ||
|---|---|---|---|
| 001 | MAT.inmabb003022 | ||
| 008 | 770113s1977####gw#######b####001#0#eng## | ||
| 005 | 20130315124011.0 | ||
| 245 | 1 | 0 | |a Elliptic partial differential equations of second order / |c David Gilbarg, Neil S. Trudinger. |
| 260 | |a Berlin : |b Springer-Verlag, |c 1977. | ||
| 300 | |a x, 401 p. ; |c 25 cm. | ||
| 440 | 0 | |a Grundlehren der mathematischen Wissenschaften ; |v 224 | |
| 504 | |a Bibliografía: p. [385]-395. | ||
| 510 | 4 | |a MR, |c 57 #13109 | |
| 020 | |a 3540080074 | ||
| 020 | |a 0387080074 (New York) | ||
| 100 | 1 | |a Gilbarg, David, |d 1918- | |
| 700 | 1 | |a Trudinger, Neil S., |d 1942- | |
| 650 | 0 | |a Differential equations, Elliptic. | |
| 084 | |a 35Jxx |2 msc2000 | ||
| 010 | |a 77023166 | ||
| 040 | |a DLC |c DLC |d DLC | ||
| 859 | |h 35 |i G463 |p A-4502 |b BIB. MATEMATICA | ||
